00615nam a2200181Ia 4500952014100000999001700141003000400158005001700162008004100179040000900220082001800229100002000247245005000267260004300317300000900360650002100369942004300390 00102ddc40708SPORTS AND GAMESaMESbMEScPHYSd2019-02-20g50.00l0o796.03 GOE/Ep16419r2019-02-20 00:00:00w2019-02-20yBKzU22R1 c35842d35842OSt20211101121120.0190216s9999||||xx |||||||||||||| ||und|| coclc a796.03bGOE/E aGoel, R G95625 0aEncyclopaedia Of Sports And Games /cR G Goel bTarang Paper Backs,c1975.aNew Delhi: a667p aSports And Games cREF2ddch796.03iGOE/Ek796.03mGOE/E